000 01088na a2200349 4500
001 16971
003 MIRAKIL
005 20181213154746.0
008 161019b tu 000 0
020 _a9758047221
035 _a16971
040 _aMilas
_btur
_cTR-AnCHP
041 _atur
082 _aCHP 324.2172
_bT66s 2003
090 _aCHP 324.2172 T66s 2003
100 _aTorun, Esma
245 _aSivas'dan büyük kongreye Cumhuriyet Halk Partisi
_b(kongre tutanaklarının Türkçe çevirisiyle birlikte)
_cEsma Torun
246 _aCumhuriyet Halk Partisi
260 _aİzmit
_bKocaeli Üniversitesi
_c2003
300 _a254 s.
_c24 sm.
504 _aKaynakça var.
610 _aCHP
_xTarih
_zTürkiye
610 _aCHP
_xKongreler
610 _aCumhuriyet Halk Fırkası (CHF)
_xTarih
610 _aCumhuriyet Halk Fırkası (CHF)
_xBüyük Kongre
_yTutanaklar
650 _aSiyasal partiler
_xTarih
_zTürkiye
651 _aTürkiye
_xSiyasal tarih
657 _aCHP tarihçesi
657 _aCHF tarihçesi
657 _aCHP büyük kongresi
942 _2dcc
_cBKS
999 _c357
_d357